The Malay archipelago

Bibliographic Details
Main Author: Wallace, Alfred Russel
Format: Book
Published: Oxon : Beaufoy Books , 2010
Subjects:

MARC

LEADER 00000cam a2200000 7i4500
001 0000156943
005 20130110.0
020 |a 9781906780319 
090 0 0 |a 910.0916473   |b WAL 
100 1 |a Wallace, Alfred Russel 
245 1 4 |a The Malay archipelago   |c Alfred Russel Wallace 
260 |a Oxon :   |b Beaufoy Books ,   |c 2010 
300 |a 531p. ;   |c 20cm. 
650 0 0 |a Ethnology   |z Malay Archipelago 
650 0 0 |a Natural history   |z Malay Archipelago 
999 |a 00258676   |b BUKU   |c MALAYSIANA   |e PERPUSTAKAAN KOMUNITI PETALING JAYA